The law of industrial disputes : (Record no. 136857)
[ view plain ]
| 000 -LEADER | |
|---|---|
| fixed length control field | 00850nam a2200241 4500 |
| 010 ## - LIBRARY OF CONGRESS CONTROL NUMBER | |
| LC control number | A-943208 |
| 020 ## - INTERNATIONAL STANDARD BOOK NUMBER | |
| International Standard Book Number | 8175340991 |
| 035 ## - SYSTEM CONTROL NUMBER | |
| System control number | A-943208 |
| 037 ## - SOURCE OF ACQUISITION | |
| Source of stock number/acquisition | Cen Lib / Ret |
| 040 ## - CATALOGING SOURCE | |
| Original cataloging agency | DPL |
| Language of cataloging | EN |
| 082 ## - DEWEY DECIMAL CLASSIFICATION NUMBER | |
| Classification number | 343.07 |
| Item number | MAL |
| 100 ## - MAIN ENTRY--PERSONAL NAME | |
| Personal name | Malhotra, O. P. |
| 245 ## - TITLE STATEMENT | |
| Title | The law of industrial disputes : |
| Remainder of title | the Industrial Disputes Act, 1947 / |
| Statement of responsibility, etc | by O. P. Malhotra |
| 250 ## - EDITION STATEMENT | |
| Edition statement | 5th ed |
| 260 ## - PUBLICATION, DISTRIBUTION, ETC. (IMPRINT) | |
| Place of publication, distribution, etc | Delhi |
| Name of publisher, distributor, etc | Universal Law Publishing Co. |
| Date of publication, distribution, etc | 1998 |
| 270 ## - ADDRESS | |
| Address | C-FF-1A, Ansari Dilkhush Industrial Estate |
| City | Delhi |
| Postal code | 110033 |
| 300 ## - PHYSICAL DESCRIPTION | |
| Extent | (v 1. 882 ; v 2.xxvii, 883-2020p) |
| Dimensions | 27cm(Hb) |
| 505 ## - FORMATTED CONTENTS NOTE | |
| Formatted contents note | v 1 the Industrial Disputes Act, 1947 ; v 2. the Industrial Disputes Act, 1947 |
| 650 ## - SUBJECT ADDED ENTRY--TOPICAL TERM | |
| Topical term or geographic name as entry element | Labor laws and legislation -- India. |
| 650 ## - SUBJECT ADDED ENTRY--TOPICAL TERM | |
| Topical term or geographic name as entry element | Labor disputes -- India. |
| 650 ## - SUBJECT ADDED ENTRY--TOPICAL TERM | |
| Topical term or geographic name as entry element | Labor disputes. |
| 942 ## - ADDED ENTRY ELEMENTS (KOHA) | |
| Source of classification or shelving scheme | Dewey Decimal Classification |
| Koha item type | English Books |
| Classification part | 343.07 |
| Call number suffix | MAL |
| Withdrawn status | Lost status | Source of classification or shelving scheme | Materials specified (bound volume or other part) | Damaged status | Not for loan | Home library | Current library | Date acquired | Source of acquisition | Total Checkouts | Full call number | Barcode | Date last seen | Copy number | Price effective from | Koha item type |
|---|---|---|---|---|---|---|---|---|---|---|---|---|---|---|---|---|
| Dewey Decimal Classification | v 2 | Central Library | Central Library | 10/03/2016 | Cen Lib/Ret | 343.07 MAL | A-943208 | 10/03/2016 | 1 | 10/03/2016 | English Books | |||||
| Dewey Decimal Classification | v 1 | Central Library | Central Library | 10/03/2016 | Cen Lib/Ret | 343.07 MAL | A-943207 | 10/03/2016 | 1 | 10/03/2016 | English Books |
